Reuniones de padres: una estrategia para provocar cambios, cómo hacer de la reunión un encuentro constructivo y dinámico
שמור ב:
| Main Authors: | , |
|---|---|
| פורמט: | ספר |
| שפה: | ספרדית |
| יצא לאור: |
Buenos Aires
Lumen Humanitas
1998
|
| נושאים: | |
| תגים: |
הוספת תג
אין תגיות, היה/י הראשונ/ה לתייג את הרשומה!
|
MARC
| LEADER | 00000nam a2200000 a 4500 | ||
|---|---|---|---|
| 001 | UCO4701 | ||
| 003 | CL-VaPUC | ||
| 008 | 000811e19980000AG |||||||||||||||||spa|d | ||
| 082 | 0 | 4 | |a 371.192 |b MIC |2 21 |
| 100 | |a Micheli, Inés |e autora |9 465407 | ||
| 700 | 0 | |a Reynoso, Cecilia S |e author |9 449338 | |
| 245 | 1 | 0 | |a Reuniones de padres: una estrategia para provocar cambios, cómo hacer de la reunión un encuentro constructivo y dinámico |
| 300 | |a 141 p | ||
| 942 | |c BK | ||
| 945 | |d 20000811 00:00:00 |a vberengu | ||
| 260 | |a Buenos Aires |b Lumen Humanitas |c 1998 | ||
| 650 | 7 | |a PARTICIPACION DE LOS PADRES |2 CL-VaPUC |9 449339 | |
| 650 | 7 | |a RELACION PADRES DOCENTES |2 CL-VaPUC |9 449340 | |
| 650 | 7 | |a RESPONSABILIDAD DE LOS PADRES |2 CL-VaPUC |9 449341 | |
| 583 | |a last modification |c 20000811 00:00:00 |k Rodrigo Vera | ||
| 999 | |c 290705 |d 290703 | ||
| 952 | |0 0 |1 0 |4 0 |6 371_192000000000000_MIC_1998 |7 0 |8 A |9 340262 |a BIBEDU |b BIBEDU |d 2019-11-20 |i 3642062 |o 371.192 MIC 1998 |p 3642062 |r 2019-11-20 |w 2019-11-20 |y BK |k BME | ||